| 000 | 01194cam a22003255i 4500 | ||
|---|---|---|---|
| 999 |
_c5464 _d5464 |
||
| 003 | EG-ScBUE | ||
| 005 | 20200119150304.0 | ||
| 008 | 101223s2005 ua g 000 0aara d | ||
| 017 | _a99 / 10559 | ||
| 020 | _a9770163546 | ||
| 040 |
_aEG-ScBUE _bara _erda _cEG-ScBUE _dEG-ScBUE |
||
| 082 | 0 | 4 |
_a892.786 _bم ن ص _222 |
| 100 | 1 |
_aمنصور، أنيس، _d1924-2011، _eمؤلف. |
|
| 245 | 1 | 0 |
_aفي صالون العقاد كانت لنا أيام / _cأنيس منصور. |
| 246 | 3 | 3 | _aصالون العقاد |
| 246 | 3 | 3 | _aصالون أنيس منصور على ضوء العقاد |
| 246 | 3 | 3 | _aهو العقاد من اختراع أنيس منصور |
| 250 | _aالطبعة الرابعة. | ||
| 264 | 1 |
_aالقاهرة : _bدار الشروق، _c2005. |
|
| 300 |
_a667 صفحة : _bصور ؛ _c24 سم |
||
| 336 |
_aنص _btxt _2rdacontent |
||
| 337 |
_aبدون وسيط _bn _2rdamedia |
||
| 338 |
_aمجلد _bnc _2rdacarrier |
||
| 600 | 1 | 7 |
_aمنصور، أنيس، _d1924-2011، _xمذكرات. |
| 600 | 1 | 7 |
_aعقاد، عباس محمود، _d1889-1964. |
| 650 |
_aالأدباء العرب _zمصر. _2BUEsh |
||
| 651 | _2BUEsh | ||
| 653 |
_bARALIT _bGGEN |
||
| 942 |
_cBB _2ddc |
||